[Event "Stay Safe Play From Home 173"]
[Site "T#646330Emanuel Laske"]
[Date "2020.05.25"]
[Round "7"]
[White "Tunca"]
[Black "Fischer_11"]
[Result "0-1"]
[WhiteElo "1843"]
[BlackElo "1897"]
[Annotator "NA"]
[PlyCount "92"]
[EventDate "2020.05.25"]
[EventType "swiss (blitz)"]

1. e4 {[%emt 0:00:01]} Nf6 {[%emt 0:00:01]} 2. e5 {[%emt 0:00:01]} Nd5 {[%emt 0:00:00]} 3. Nc3 {[%emt 0:00:01]} Nxc3 {[%emt 0:00:01]} 4. dxc3 {[%emt 0:00:01]} d6 {[%emt 0:00:00]} 5. exd6 {[%emt 0:00:01]} Qxd6 {[%emt 0:00:00]} 6. Qxd6 {[%emt 0:00:02]} exd6 {[%emt 0:00:00]} 7. Bd3 {[%emt 0:00:01]} Nc6 {[%emt 0:00:01]} 8. Nf3 {[%emt 0:00:01]} Be6 {[%emt 0:00:00]} 9. O-O {[%emt 0:00:01]} Be7 {[%emt 0:00:00]} 10. Re1 {[%emt 0:00:00]} O-O-O {[%emt 0:00:00]} 11. Bf4 {[%emt 0:00:01]} Bf6 {[%emt 0:00:01]} 12. Rad1 {[%emt 0:00:02]} Rhe8 {[%emt 0:00:01]} 13. Ng5 {[%emt 0:00:03]} h6 {[%emt 0:00:06]} 14. Ne4 {[%emt 0:00:03]} Be5 {[%emt 0:00:03]} 15. Bg3 {[%emt 0:00:03]} f5 {[%emt 0:00:02]} 16. Bxe5 {[%emt 0:00:03]} dxe5 {[%emt 0:00:03]} 17. Ng3 {[%emt 0:00:00]} g6 {[%emt 0:00:02]} 18. Bb5 {[%emt 0:00:02]} e4 {[%emt 0:00:01]} 19. Bxc6 {[%emt 0:00:02]} bxc6 {[%emt 0:00:00]} 20. Ne2 {[%emt 0:00:01]} Rd6 {[%emt 0:00:01]} 21. Rxd6 {[%emt 0:00:02]} cxd6 {[%emt 0:00:00]} 22. Nd4 {[%emt 0:00:01]} Kd7 {[%emt 0:00:02]} 23. Nxe6 {[%emt 0:00:01]} Rxe6 {[%emt 0:00:00]} 24. Rd1 {[%emt 0:00:00]} d5 {[%emt 0:00:01]} 25. Kf1 {[%emt 0:00:01]} Kd6 {[%emt 0:00:00]} 26. Ke2 {[%emt 0:00:01]} c5 {[%emt 0:00:00]} 27. Ke3 {[%emt 0:00:01]} Ke5 {[%emt 0:00:00]} 28. h4 {[%emt 0:00:01]} f4+ {[%emt 0:00:02]} 29. Ke2 {[%emt 0:00:01]} d4 {[%emt 0:00:01]} 30. cxd4+ {[%emt 0:00:01]} cxd4 {[%emt 0:00:00]} 31. Rc1 {[%emt 0:00:02]} Rc6 {[%emt 0:00:02]} 32. c4 {[%emt 0:00:01]} dxc3 {[%emt 0:00:02]} 33. bxc3 {[%emt 0:00:00]} Rc4 {[%emt 0:00:02]} 34. Kd2 {[%emt 0:00:01]} g5 {[%emt 0:00:01]} 35. hxg5 {[%emt 0:00:02]} hxg5 {[%emt 0:00:00]} 36. Kc2 {[%emt 0:00:00]} g4 {[%emt 0:00:01]} 37. Kb3 {[%emt 0:00:01]} Rc6 {[%emt 0:00:01]} 38. c4 {[%emt 0:00:00]} e3 {[%emt 0:00:01]} 39. fxe3 {[%emt 0:00:01]} fxe3 {[%emt 0:00:00]} 40. Kc3 {[%emt 0:00:02]} Ke4 {[%emt 0:00:00]} 41. Re1 {[%emt 0:00:02]} g3 {[%emt 0:00:02]} 42. Re2 {[%emt 0:00:01]} Ra6 {[%emt 0:00:01]} 43. Kb3 {[%emt 0:00:03]} Rb6+ {[%emt 0:00:01]} 44. Kc3 {[%emt 0:00:01]} Rd6 {[%emt 0:00:00]} 45. a3 {[%emt 0:00:02]} Rf6 {[%emt 0:00:02]} 46. c5 {[%emt 0:00:01]} Rf2 {[%emt 0:00:00] Time (Lag: Av=0.36s, max=0.8s)} 0-1

[Event "Stay Safe Play From Home 173"]
[Site "T#646330Emanuel Laske"]
[Date "2020.05.25"]
[Round "7"]
[White "matanant"]
[Black "Majstor-resa"]
[Result "1-0"]
[WhiteElo "1638"]
[BlackElo "1651"]
[Annotator "NA RC"]
[PlyCount "73"]
[EventDate "2020.05.25"]
[EventType "swiss (blitz)"]

1. b3 {[%emt 0:00:02]} d5 {[%emt 0:00:01]} 2. Bb2 {[%emt 0:00:00]} Nc6 {[%emt 0:00:00]} 3. e3 {[%emt 0:00:00]} Nf6 {[%emt 0:00:01]} 4. f4 {[%emt 0:00:00]} Bg4 {[%emt 0:00:01]} 5. Nf3 {[%emt 0:00:00]} e6 {[%emt 0:00:01]} 6. Bb5 {[%emt 0:00:00]} Qd6 {[%emt 0:00:02]} 7. O-O {[%emt 0:00:01]} O-O-O {[%emt 0:00:01]} 8. Ba3 {[%emt 0:00:02]} Qd7 {[%emt 0:00:01]} 9. Bb2 {[%emt 0:00:01]} Bd6 {[%emt 0:00:02]} 10. Qe1 {[%emt 0:00:02]} Bxf3 {[%emt 0:00:02]} 11. Rxf3 {[%emt 0:00:02]} a6 {[%emt 0:00:01]} 12. Be2 {[%emt 0:00:05]} Rhg8 {[%emt 0:00:03]} 13. d3 {[%emt 0:00:03]} Rde8 {[%emt 0:00:02]} 14. Nd2 {[%emt 0:00:02]} e5 {[%emt 0:00:01]} 15. fxe5 {[%emt 0:00:01]} Nxe5 {[%emt 0:00:01]} 16. Rf1 {[%emt 0:00:01]} h5 {[%emt 0:00:02]} 17. Nf3 {[%emt 0:00:02]} Neg4 {[%emt 0:00:02]} 18. e4 {[%emt 0:00:02]} dxe4 {[%emt 0:00:01]} 19. dxe4 {[%emt 0:00:01]} Rxe4 {[%emt 0:00:03]} 20. Rd1 {[%emt 0:00:02]} Qe7 {[%emt 0:00:02]} 21. Rd2 {[%emt 0:00:05]} Re8 {[%emt 0:00:04]} 22. Nd4 {[%emt 0:00:05]} Bc5 {[%emt 0:00:04]} 23. c3 {[%emt 0:00:01]} Bxd4+ {[%emt 0:00:02]} 24. cxd4 {[%emt 0:00:01]} Rxe2 {[%emt 0:00:04]} 25. Rxe2 {[%emt 0:00:01]} Qxe2 {[%emt 0:00:01]} 26. Qxe2 {[%emt 0:00:00]} Rxe2 {[%emt 0:00:01]} 27. h3 {[%emt 0:00:01]} Rxb2 {[%emt 0:00:01]} 28. hxg4 {[%emt 0:00:01]} hxg4 {[%emt 0:00:00]} 29. Rf4 {[%emt 0:00:03]} Kd7 {[%emt 0:00:02]} 30. g3 {[%emt 0:00:00]} Rxa2 {[%emt 0:00:01]} 31. d5 {[%emt 0:00:01]} Rb2 {[%emt 0:00:01]} 32. b4 {[%emt 0:00:00]} Rb3 {[%emt 0:00:01]} 33. Kg2 {[%emt 0:00:02]} Rf3 {[%emt 0:00:01]} 34. Rd4 {[%emt 0:00:00]} Kd6 {[%emt 0:00:01]} 35. b5 {[%emt 0:00:01]} Nxd5 {[%emt 0:00:02]} 36. Rd2 {[%emt 0:00:00]} c6 {[%emt 0:00:03]} 37. bxa6 {[%emt 0:00:02] Zeit (Lag: Av=0.54s, max=1.3s)} 1-0

[Event "Stay Safe Play From Home 173"]
[Site "T#646330Emanuel Laske"]
[Date "2020.05.25"]
[Round "7"]
[White "Tobo Rubirosa"]
[Black "Archi-ak"]
[Result "0-1"]
[WhiteElo "1544"]
[BlackElo "2030"]
[Annotator "TA"]
[PlyCount "62"]
[EventDate "2020.05.25"]
[EventType "swiss (blitz)"]

{[%evp 10,62,-5,0,6,-39,8,-73,1,-56,22,7,25,27,65,47,63,45,51,7,55,56,52,54,59,47,52,33,53,51,53,0,124,0,0,0,0,0,0,0,0,0,0,0,0,0,0,0,0,0,0,-29985,-29986,-29986,-29987]} 1. Nf3 c6 2. d4 d5 3. c4 Nf6 4. Qc2 dxc4 5. Qxc4 Bf5 6. Nc3 Nbd7 {D23: Queen's Gambit Accepted: 3 Nf3 Nf6 sidelines.} 7. Bg5 {[#]} Bg6 $146 ({Predecessor:} 7... Qb6 8. O-O-O h6 9. Bxf6 Nxf6 10. Ne5 e6 11. g4 Nxg4 12. Nxg4 Bxg4 13. d5 Qb4 14. Rd4 Qxc4 15. Rxc4 Bxe2 16. Bxe2 exd5 17. Nxd5 {½-½ (17) Miralles,G (2469)-Varga,P (2434) France 2010}) 8. Ne5 (8. Bxf6 $11 exf6 9. e3) 8... e6 ({Black should play} 8... Nb6 $17 9. Qb3 Qxd4 10. Nxg6 hxg6) 9. e3 (9. Rd1 $11) 9... Be7 (9... Nxe5 $15 10. dxe5 Qb6) 10. Be2 Nb6 11. Qb3 Rb8 12. O-O O-O 13. Rac1 Nbd5 14. Nxd5 Nxd5 (14... exd5 {is more complex.} 15. Rfe1 Bf5 16. Bf4 Bd6 17. g4 Bg6) 15. Bxe7 Qxe7 16. Rfd1 Rfc8 17. Nxg6 hxg6 18. Bf3 Nf6 19. h3 Rd8 20. e4 (20. g3 $14) 20... Rd7 {[#]} (20... e5 $11) 21. d5 (21. Rxc6 $1 $16 {[%mdl 512]} bxc6 22. Qxb8+ Rd8 23. Qb3) 21... cxd5 22. exd5 Nxd5 23. Bxd5 exd5 24. Rxd5 Rbd8 25. Rcd1 Rxd5 26. Rxd5 Rxd5 27. Qxd5 $11 {KQ-KQ} Qe1+ 28. Kh2 Qxf2 29. Qxb7 Kh7 30. Qxa7 $2 {[%mdl 8192] [#]} (30. Qf3 $11 Qxb2 31. Qxf7) 30... Qxa7 31. b4 Qxa2 {Accuracy: White = 54%, Black = 66%.} 0-1

[Event "Stay Safe Play From Home 173"]
[Site "T#646330Emanuel Laske"]
[Date "2020.05.25"]
[Round "7"]
[White "Aktürk"]
[Black "Trotsky"]
[Result "1-0"]
[WhiteElo "1444"]
[BlackElo "1526"]
[Annotator "NA"]
[PlyCount "63"]
[EventDate "2020.05.25"]
[EventType "swiss (blitz)"]

1. e3 {[%emt 0:00:01]} d5 {[%emt 0:00:01]} 2. Qf3 {[%emt 0:00:00]} e6 {[%emt 0:00:00]} 3. Bd3 {[%emt 0:00:01]} c5 {[%emt 0:00:01]} 4. Qg3 {[%emt 0:00:00]} Nc6 {[%emt 0:00:01]} 5. Nc3 {[%emt 0:00:00]} Nf6 {[%emt 0:00:01]} 6. Nb5 {[%emt 0:00:01]} a6 {[%emt 0:00:04]} 7. Nc7+ {[%emt 0:00:01]} Kd7 {[%emt 0:00:06]} 8. Nxa8 {[%emt 0:00:00]} Bd6 {[%emt 0:00:02]} 9. Qxg7 {[%emt 0:00:03]} Rg8 {[%emt 0:00:03]} 10. Qh6 {[%emt 0:00:01]} b6 {[%emt 0:00:03]} 11. Qh4 {[%emt 0:00:03]} Bb7 {[%emt 0:00:01]} 12. Nxb6+ {[%emt 0:00:02]} Qxb6 {[%emt 0:00:02]} 13. b3 {[%emt 0:00:01]} Be5 {[%emt 0:00:02]} 14. Rb1 {[%emt 0:00:02]} Rg4 {[%emt 0:00:05]} 15. Qh3 {[%emt 0:00:03]} Bc8 {[%emt 0:00:02]} 16. Qf3 {[%emt 0:00:01]} Kc7 {[%emt 0:00:02]} 17. h3 {[%emt 0:00:01]} Rg6 {[%emt 0:00:02]} 18. Bb2 {[%emt 0:00:02]} Rg7 {[%emt 0:00:03]} 19. Bxe5+ {[%emt 0:00:02]} Nxe5 {[%emt 0:00:01]} 20. Qxf6 {[%emt 0:00:01]} Nxd3+ {[%emt 0:00:03]} 21. cxd3 {[%emt 0:00:02]} Rxg2 {[%emt 0:00:01]} 22. Qxf7+ {[%emt 0:00:01]} Kc6 {[%emt 0:00:03]} 23. Qe8+ {[%emt 0:00:01]} Bd7 {[%emt 0:00:01]} 24. Qh5 {[%emt 0:00:02]} Qb4 {[%emt 0:00:01]} 25. Nf3 {[%emt 0:00:02]} c4 {[%emt 0:00:04]} 26. Ne5+ {[%emt 0:00:00]} Kc5 {[%emt 0:00:02]} 27. Nxd7+ {[%emt 0:00:01]} Kb5 {[%emt 0:00:01]} 28. d4 {[%emt 0:00:00]} c3 {[%emt 0:00:01]} 29. d3 {[%emt 0:00:03]} c2+ {[%emt 0:00:01]} 30. Kf1 {[%emt 0:00:04] .} Qd2 {[%emt 0:00:01]} 31. Kxg2 {[%emt 0:00:00]} c1=Q {[%emt 0:00:02]} 32. Ne5 {[%emt 0:00:02] Âðåìÿ (Lag: Av=0.29s, max=0.9s)} 1-0

[Event "Stay Safe Play From Home 173"]
[Site "T#646330Emanuel Laske"]
[Date "2020.05.25"]
[Round "8"]
[White "Mepe_Nika"]
[Black "Don59as"]
[Result "1-0"]
[WhiteElo "2249"]
[BlackElo "2015"]
[Annotator "NA"]
[PlyCount "75"]
[EventDate "2020.05.25"]
[EventType "swiss (blitz)"]

1. d4 {[%emt 0:00:01]} d5 {[%emt 0:00:01]} 2. Bf4 {[%emt 0:00:01]} e6 {[%emt 0:00:01]} 3. e3 {[%emt 0:00:01]} g6 {[%emt 0:00:00]} 4. h4 {[%emt 0:00:02]} h5 {[%emt 0:00:01]} 5. Nf3 {[%emt 0:00:01]} Bg7 {[%emt 0:00:01]} 6. Nbd2 {[%emt 0:00:02]} Nf6 {[%emt 0:00:01]} 7. Bd3 {[%emt 0:00:01]} O-O {[%emt 0:00:02]} 8. Ne5 {[%emt 0:00:01]} b6 {[%emt 0:00:02]} 9. g4 {[%emt 0:00:01]} hxg4 {[%emt 0:00:03]} 10. Nxg4 {[%emt 0:00:00]} Nxg4 {[%emt 0:00:01]} 11. Qxg4 {[%emt 0:00:01]} e5 {[%emt 0:00:01]} 12. Qg3 {[%emt 0:00:06]} exf4 {[%emt 0:00:01]} 13. exf4 {[%emt 0:00:00]} Qf6 {[%emt 0:00:04]} 14. O-O-O {[%emt 0:00:04]} Bf5 {[%emt 0:00:03]} 15. Nf3 {[%emt 0:00:05]} Bxd3 {[%emt 0:00:03]} 16. Rxd3 {[%emt 0:00:00]} Bh6 {[%emt 0:00:02]} 17. Ng5 {[%emt 0:00:02]} Bxg5 {[%emt 0:00:02]} 18. hxg5 {[%emt 0:00:01]} Qg7 {[%emt 0:00:01]} 19. Qg4 {[%emt 0:00:01]} Re8 {[%emt 0:00:02]} 20. Rdh3 {[%emt 0:00:01]} Kf8 {[%emt 0:00:06]} 21. Rh8+ {[%emt 0:00:03]} Ke7 {[%emt 0:00:01]} 22. Qe2+ {[%emt 0:00:00]} Kd6 {[%emt 0:00:02]} 23. Qxe8 {[%emt 0:00:01]} Qxd4 {[%emt 0:00:04]} 24. Qf8+ {[%emt 0:00:01]} Kc6 {[%emt 0:00:01]} 25. Qxf7 {[%emt 0:00:04]} Kb7 {[%emt 0:00:02]} 26. R8h7 {[%emt 0:00:04]} Qc5 {[%emt 0:00:02]} 27. Rd1 {[%emt 0:00:04]} Na6 {[%emt 0:00:02]} 28. Qxd5+ {[%emt 0:00:02]} Qxd5 {[%emt 0:00:00]} 29. Rxd5 {[%emt 0:00:00]} Rf8 {[%emt 0:00:01]} 30. f5 {[%emt 0:00:03]} Rxf5 {[%emt 0:00:01]} 31. Rxf5 {[%emt 0:00:01]} gxf5 {[%emt 0:00:00]} 32. g6 {[%emt 0:00:00]} Nc5 {[%emt 0:00:01]} 33. g7 {[%emt 0:00:00]} Ne6 {[%emt 0:00:01]} 34. g8=Q {[%emt 0:00:00]} Nd4 {[%emt 0:00:01]} 35. Qd5+ {[%emt 0:00:01]} Ka6 {[%emt 0:00:01]} 36. Qxd4 {[%emt 0:00:01]} c5 {[%emt 0:00:00]} 37. Qc4+ {[%emt 0:00:01]} Ka5 {[%emt 0:00:01]} 38. a3 {[%emt 0:00:01] Time (Lag: Av=0.51s, max=0.6s)} 1-0

[Event "Stay Safe Play From Home 173"]
[Site "T#646330Emanuel Laske"]
[Date "2020.05.25"]
[Round "8"]
[White "Lamborghini"]
[Black "Haxhi Baha"]
[Result "1-0"]
[WhiteElo "2183"]
[BlackElo "1988"]
[Annotator "TA"]
[PlyCount "91"]
[EventDate "2020.05.25"]
[EventType "swiss (blitz)"]

{[%evp 18,91,47,35,37,21,21,24,118,120,104,83,253,54,122,-116,77,23,85,96,163,125,201,116,221,220,383,270,257,249,1138,283,293,262,906,320,922,246,472,207,545,233,276,274,324,321,314,125,111,-20,-25,-99,68,47,58,0,0,0,63,-108,81,-92,8,10,95,86,93,0,0,0,31,21,824,627,804,164]} 1. e4 e6 2. d3 d5 3. Nd2 c5 4. Ngf3 Nc6 5. g3 Nf6 6. Bg2 Be7 7. O-O O-O 8. e5 Nd7 9. Re1 f6 {9...b5 is the modern continuation.} 10. exf6 Nxf6 {C00: French: Unusual White 2nd moves.} 11. c3 Bd6 {[#]} 12. c4 $146 ({Predecessor:} 12. d4 Re8 13. Nb3 cxd4 14. cxd4 a5 15. Be3 a4 16. Nc1 Qb6 17. Nd3 Ng4 18. Bd2 {1-0 (47) Dardha,D (2316)-Krallis,C (2139) Porto Carras 2018}) 12... e5 (12... Bd7 $11) 13. cxd5 $16 Nxd5 {[#]} 14. Ng5 $1 {[%mdl 512]} Nf6 $2 (14... Bc7 $16) (14... Qxg5 15. Bxd5+) 15. Nge4 $2 (15. Qb3+ $18 Kh8 16. Bxc6 bxc6 17. Nf7+ Rxf7 18. Qxf7) 15... Nd4 (15... Be7 $14) 16. Nc4 $2 (16. Nxd6 $16 Qxd6 17. Nc4 {[%mdl 64] Double Attack}) 16... Bc7 $2 (16... Bg4 $17 {stays on course.} 17. f3 Nxe4 18. fxg4 Nf2) 17. Be3 (17. Bg5 $16) 17... Rb8 (17... Nxe4 $11 18. Bxe4 Rb8) 18. Nxc5 Nf5 (18... Bg4 $16 19. Qc1 Ne2+ 20. Rxe2 Bxe2) 19. Bg5 $36 {[%mdl 2048] White is on the roll.} Bb6 (19... b6 $16) 20. Ne4 (20. Nxe5 Bxc5 21. Qb3+ Kh8 $14) (20. b4 $18) 20... Nd4 (20... Bd4 $16) 21. Nxe5 Re8 $2 (21... Ba5) 22. Bxf6 gxf6 23. Nc4 Bc7 $2 {[#]} (23... Bf5 24. Qh5 Bg6 25. Qd5+ Bf7 26. Qxd8 Rexd8) 24. Rc1 $2 (24. Nxf6+ $1 {[%mdl 512]} Qxf6 25. Rxe8+ Kf7 26. Qh5+ {[%mdl 64] Double Attack} Kg7 27. Rxc8 $1 {[%mdl 576] Remove Defender, Decoy} Rxc8 28. Qg4+ {[%mdl 64] Double Attack} Kh8 29. Qxc8+ {[%mdl 64] Double Attack} Qd8 30. Qxb7) 24... Be6 25. Qh5 {Qxe8+! is the strong threat.} Bxc4 $2 {[#]} (25... Bf7 26. Qh4 Kg7) 26. Rxc4 $2 (26. Nxf6+ $1 {[%mdl 512]} Qxf6 27. Rxe8+ Rxe8 28. Qxe8+ Qf8 29. Qe4) 26... Bb6 $2 {[#]} (26... Kh8 27. Re3 Ne6) 27. Rec1 $2 (27. Nxf6+ $1 {[%mdl 512]} Qxf6 28. Rxe8+ Rxe8 29. Qxe8+ Kg7 30. Qd7+ Qf7 31. Rxd4 Qxd7 32. Rxd7+ Kf6 33. Rxh7) 27... Qe7 $2 (27... Kh8 {was worth a try.} 28. Nc3 Qd6) 28. Qh6 (28. Rxd4 $142 {Hoping for Rd7!} Bxd4 29. Qd5+ {[%mdl 64] Double Attack} Kg7 30. Qxd4) 28... Qg7 $2 (28... Ne2+ {is more resistant.} 29. Kh1 Nxc1 30. Nxf6+ {[%mdl 64] Double Attack} (30. Rxc1 Bd4 $11) 30... Kh8 31. Rxc1 Rf8) 29. Qxg7+ Kxg7 30. Kf1 f5 31. Nd6 Red8 32. Rxd4 $2 (32. Nxb7 Rd7 $18) (32. Nc8 $18 {is more deadly.}) 32... Bxd4 $16 33. Rc7+ (33. Nxf5+ $16 Kf6 34. Nxd4 Rxd4 35. Be4) 33... Kf6 $11 34. Nc4 (34. Nxb7 $11 Rdc8 35. Rc4 Rxc4 36. dxc4) 34... Bb6 $2 (34... b5 $17 35. Rc6+ Ke7) 35. Rxh7 Rxd3 36. h4 ({Better is} 36. Nxb6 $14 axb6 37. Rh6+ (37. Bxb7 Rd2 $11) (37. Rxb7 Rxb7 38. Bxb7 Rd2 $11) 37... Ke5 38. Rxb6) 36... Rd1+ 37. Ke2 Ra1 (37... Rd4 $11 38. Nxb6 Re8+ 39. Kf3 Rd3+ 40. Kf4 Rd4+ 41. Kf3 Rd3+ 42. Kf4 Rd4+ 43. Kf3) 38. Bf3 $2 ({Not} 38. Rxb7 Rxb7 39. Bxb7 Rxa2 $17) (38. Nxb6 $14 {keeps the upper hand.} axb6 39. Rh6+ (39. Bxb7 Rxa2 40. Rf7+ Ke6 $17) 39... Kg7 40. Rxb6) 38... Rxa2 $2 (38... Re8+ $17 39. Ne3 Rxa2 40. Rxb7 Rxb2+ 41. Kf1 Bd4 42. Rxb2 Bxb2) 39. g4 $2 (39. Bd5 $16 {and life is bright. Strongly threatening Rf7+.} Rf8 40. Kf3 (40. Rxb7 Ra6 $14) (40. Bxb7 Rf7 $15)) 39... Bd4 ({Black should try} 39... fxg4 $17 40. Bd5 Re8+ 41. Kf1 Ra1+ 42. Kg2 Re7 43. Rh6+ Kg7) 40. g5+ Kg6 (40... Ke6 $1 $11) 41. Rh6+ Kg7 42. Nd6 (42. Rd6 $16 b5 43. Rd7+ Kf8 44. Nd6 Rxb2+ 45. Kd3) 42... Rxb2+ 43. Kd3 Be5 44. Nxf5+ Kg8 $2 {[%mdl 8192]} (44... Kf8 $11) 45. Bd5+ $18 Kf8 46. Ke4 $2 {Accuracy: White = 24%, Black = 14%.} (46. Rg6 {[%csl Gd5][%cal Rg6g8]} Ke8 47. Re6+ {[%mdl 64] Double Attack} Kf8 48. Rxe5) 1-0

[Event "Stay Safe Play From Home 173"]
[Site "T#646330Emanuel Laske"]
[Date "2020.05.25"]
[Round "8"]
[White "Weltszmerc"]
[Black "praveen prasad"]
[Result "1-0"]
[WhiteElo "2053"]
[BlackElo "2305"]
[Annotator "TA"]
[PlyCount "89"]
[EventDate "2020.05.25"]
[EventType "swiss (blitz)"]

{[%evp 9,89,23,25,24,35,0,32,24,51,51,39,18,16,0,17,17,17,14,12,9,16,8,34,16,50,27,32,19,51,54,54,53,141,86,139,144,369,368,345,372,487,468,517,500,703,712,708,709,790,782,810,456,438,398,413,399,359,234,376,0,681,681,683,680,675,642,677,668,668,623,623,636,2444,2415,2247,2145,3102,2693,29985,29986,29986,29987]} 1. d4 d5 2. c4 c5 3. Nf3 cxd4 4. cxd5 Qxd5 5. Qxd4 Qxd4 6. Nxd4 {D06: Queen's Gambit: Symmetrical and Baltic Defences.} a6 7. e4 e6 8. Nc3 {[#] White is slightly better.} Bd7 $146 ({Predecessor:} 8... Bc5 9. Be3 Nd7 10. Be2 Ne7 11. O-O O-O 12. a3 b5 13. b4 Ba7 {½-½ (31) Cabart,P (1724)-Nemecek,P (1886) Prague 2018}) 9. Be3 Nc6 10. Nxc6 Bxc6 11. O-O-O Bb4 12. f3 Ne7 13. a3 Bxc3 14. bxc3 Rc8 15. Kb2 O-O 16. Be2 Rcd8 17. Bg5 f6 18. Bf4 e5 19. Bc4+ Kh8 20. Be3 Nc8 {[#] White stays focused until the end.} (20... Ba4 $14 21. Bb3 Bxb3 22. Kxb3 Ng6) 21. Bc5 (21. Kb3 $142 $1) 21... Rfe8 ({Better is} 21... Ba4) 22. Bf7 $36 {[%mdl 2048] White has strong initiative.} Rf8 $2 (22... Ba4 $16) 23. Bxf8 $18 Rxf8 24. Bd5 Bb5 25. c4 Bc6 26. Kc3 Nb6 27. Bxc6 bxc6 {[%mdl 4096] Endgame KRR-KRN} 28. Rd6 Na4+ 29. Kb4 Nb2 30. Kb3 Rb8+ 31. Kc3 {[#] And now Rb1 would win.} Na4+ 32. Kc2 {Rb1 is the strong threat.} Rb2+ 33. Kd3 {[%cal Rd6d8]} Rb3+ (33... Nc5+ {is a better defense.} 34. Ke3 h5) 34. Kc2 $2 (34. Ke2 $18 {[%cal Rd6d8]} Rb2+ 35. Ke3) 34... Rc3+ $2 {[%mdl 8192]} (34... Rb2+ $11 35. Kd3 Rb3+ 36. Kd2 Rb2+ 37. Ke3 h5) 35. Kd2 {[%cal Rd6d8]} h5 36. Rxc6 Rxa3 37. Rc1 a5 38. Rc2 Ra1 39. Rc8+ Kh7 40. c5 {[%cal Bc4c5,Bc5c6,Bc6c7][%mdl 32]} h4 41. c6 Rg1 42. Kd3 Rd1+ 43. Ke2 Rb1 44. c7 Nb6 45. Rb8 {Accuracy: White = 75%, Black = 33%.} 1-0

[Event "Stay Safe Play From Home 173"]
[Site "T#646330Emanuel Laske"]
[Date "2020.05.25"]
[Round "8"]
[White "Archi-ak"]
[Black "Lazieri3"]
[Result "0-1"]
[WhiteElo "2032"]
[BlackElo "2111"]
[Annotator "TA"]
[PlyCount "88"]
[EventDate "2020.05.25"]
[EventType "swiss (blitz)"]

{[%evp 9,87,11,44,32,26,6,87,-2,22,26,33,20,34,-370,-363,-354,-370,-598,-600,-589,-551,-579,-559,-557,-555,-630,-620,-603,-561,-592,-443,-428,-436,-435,-435,-425,-428,-447,-447,-429,-424,-451,-429,-447,-435,-495,-505,-489,-457,-506,-452,-689,-679,-727,-672,-800,-783,-787,-762,-825,-812,-810,-804,-818,-816,-816,-814,-845,-820,-937,-849,-842,-839,-930,-910,-29997,-29998,-29998,-29999,-29999]} 1. Nf3 c6 2. g3 d5 3. Bg2 Nf6 4. O-O Bf5 5. d3 Qc8 6. Nbd2 {A07: Réti Opening: New York and Capablanca Systems.} Bh3 {[#]} 7. c3 $146 ({Predecessor:} 7. e4 Bxg2 8. Kxg2 dxe4 9. Nxe4 Nbd7 10. Re1 Nxe4 11. dxe4 e5 12. Be3 f6 13. c3 {1-0 (42) Tarmastin,L (1867)-Panzenboeck,S (1506) Austria 2018}) 7... h5 (7... Bxg2 $11 {keeps the balance.} 8. Kxg2 e6) 8. Re1 (8. Bxh3 $16 Qxh3 9. Ng5) 8... Bxg2 (8... h4 $5) 9. Kxg2 h4 10. Nxh4 g5 11. e4 $2 {[%mdl 8192] This costs White the game.} (11. Nhf3 $1 $14) 11... gxh4 $19 12. Qf3 hxg3 13. fxg3 $2 (13. hxg3 {was worth a try.} Qh3+ 14. Kg1) 13... Qh3+ {[%mdl 64] [#] Double Attack} 14. Kg1 Qxh2+ 15. Kf1 dxe4 16. Nxe4 Nxe4 17. dxe4 e6 18. Bf4 Bc5 19. Qg2 Qh1+ 20. Qxh1 Rxh1+ 21. Kg2 Rxe1 22. Rxe1 Nd7 23. Kf3 Ke7 24. Rh1 Bd6 25. Bg5+ Nf6 26. Rh6 Be5 27. Be3 Rg8 28. Rh3 Ng4 29. Bd2 Bc7 30. Rh7 (30. Bf4 $142 Ne5+ 31. Ke2) 30... Ne5+ 31. Kf2 Nc4 32. Bf4 Bxf4 33. gxf4 Nxb2 {[%mdl 4096] Endgame KRN-KR} 34. Ke3 Nc4+ 35. Kd4 Nb6 36. Rh5 Nd7 37. e5 Nb6 38. c4 Rd8+ 39. Kc5 Nd7+ 40. Kb4 b6 41. Rh7 Nc5 {[#] ( -> ...Rd3)} 42. a3 Rd3 {[%csl Gc5][%cal Rd3b3] Black mates.} 43. Rxf7+ Kxf7 {[%csl Gc5][%cal Rd3b3]} 44. a4 Rb3# {Accuracy: White = 45%, Black = 82%.} 0-1